000 00416nam a2200181Ia 4500
003 0STCL
008 150530s9999 xx 000 0 und d
040 _aSTCL
_cSTCL
100 _aAbdul Kalam,A.P.J.
245 _aJwalikkunna Manassukal
250 _a9
260 _bD.C. book; Kottayam
_c2005
_aKottayam
300 _a0
546 _aMalayalam
942 _2ddc
_cBK
999 _c79617
_d79617
005 20220125171725.0